00721nam a22001097a 4500008004100000100002700041245009700068260005700165300003500222520029700257773005700554250220b ||||| |||| 00| 0 eng d a Mishra, Manoj Kumar  a The factors behind the US failure in Afghanistan: Impending challenges under Taliban rule  aWorld Affairs: The Journal of International Issues  a28(4), Oct-Dec, 2024: p.72-89  a The article gives an account of the factors that led the united states armed finesse to exit Afghanistan as and when they did in August 2021 after twenty years of presence, leaving the country at the mercy of the Taliban which successive US government had tried to eradicate. – Reproduced  aWorld Affairs: The Journal of International Issues